00614 2200229 4500001002100000005001500021035002000036008004100056020002200097082001100119084001700130100001500147245006300162250001700225260002600242300004000268650001700308505001200325990001500337990001500352990001700367INLIS00000000000183920251217091724 a0010-0423000059251217 g 0 ind  a978-979-044-713-4 a616.92 a616.92 KUS b0 aKuswiyanto1 aBakteriologi 2 :bBuku Ajar Analis Kesehatan /cKuswiyanto a1, Cet. Ke-1 aJakarta :bEGC,c2016 ax, 130 hlm :bilus. ;c15,5 x 24 cm 4aBakteriologi ahlm.130 a2017001285 a2017001284 a202500223180